Australian Government Department of Climate Change and Energy Efficiency (Record no. 120977)

MARC details
000 -LEADER
fixed length control field 00946cai a22002055a 4500
001 - CONTROL NUMBER
control field L156067
008 - FIXED-LENGTH DATA ELEMENTS--GENERAL INFORMATION
fixed length control field 120427u2012 xxk g 000 0 eng d
035 ## - SYSTEM CONTROL NUMBER
System control number (Sirsi) u156067
041 0# - LANGUAGE CODE
Language code of text/sound track or separate title eng
110 2# - MAIN ENTRY--CORPORATE NAME
Corporate name or jurisdiction name as entry element Australian Government Department of Climate Change and Energy Efficiency
9 (RLIN) 6052
245 00 - TITLE STATEMENT
Title Australian Government Department of Climate Change and Energy Efficiency
Medium [electronic resource]
260 ## - PUBLICATION, DISTRIBUTION, ETC.
Place of publication, distribution, etc. Canberra
Name of publisher, distributor, etc. DCCEE
Date of publication, distribution, etc. 2012
520 ## - SUMMARY, ETC.
Summary, etc. Australian Government Department of Climate Change and Energy Efficiency is committed to actions which will reduce Australia's greenhouse emissions, adapt to the impacts of climate change we cannot avoid and help shape a global solution to environmental challenges.
590 ## - LOCAL NOTE (RLIN)
Local note KA
651 #4 - SUBJECT ADDED ENTRY--GEOGRAPHIC NAME
Geographic name Australia
690 ## - LOCAL SUBJECT ADDED ENTRY--TOPICAL TERM (OCLC, RLIN)
Topical term or geographic name as entry element Energy
9 (RLIN) 6237
690 ## - LOCAL SUBJECT ADDED ENTRY--TOPICAL TERM (OCLC, RLIN)
Topical term or geographic name as entry element Environment
9 (RLIN) 6238
856 40 - ELECTRONIC LOCATION AND ACCESS
Uniform Resource Identifier <a href="https://www.climatechange.gov.au/">https://www.climatechange.gov.au/</a>
Public note View the website free of charge at www.climatechange.gov.uk
942 ## - ADDED ENTRY ELEMENTS (KOHA)
Suppress in OPAC 0
Holdings
Withdrawn status Lost status Source of classification or shelving scheme Damaged status Not for loan Home library Current library Shelving location Date acquired Total Checkouts Full call number Barcode Date last seen Copy number Price effective from Koha item type
    Dewey Decimal Classification     Virtual Virtual Online 27/04/2012   WEBSITE 156067-2001 06/08/2019 1 06/08/2019 Online material